| 000 | 01025nam a2200265Ia 4500 | ||
|---|---|---|---|
| 005 | 20250622124033.0 | ||
| 008 | 250617s9999||||xx |||||||||||||| ||ara|| | ||
| 017 |
_a2024/31674 _bمصر. دار الكتب |
||
| 020 | _a9789778850102 | ||
| 082 | 0 | 4 |
_a"916,232" _bع إ |
| 100 | 0 | _aعبد الهادى محمود محمد | |
| 245 | 1 | 0 |
_aإسنا وآثارها : عبر العصور ( فى ضوء الاكتشافات الحديثة ) = _cتأليف عبد الهادى محمود محمد |
| 246 | _aEsna and its Monuments Through the Ages in light of recent Discoveries / | ||
| 250 | _aط1 | ||
| 260 | 3 |
_aالقاهرة : _b"المؤسسة الدولية للكتاب،" _c2025. |
|
| 300 |
_a572ص : _bلوحات ؛ _c25سم. |
||
| 650 | _aالآثار | ||
| 650 | _aالحفريات الأثرية | ||
| 650 | _aالعمارة القديمة | ||
| 650 | _aالفن القديم | ||
| 651 |
_aإسنا _x الآثار |
||
| 651 |
_aمصر _x الآثار |
||
| 942 | _cBK | ||
| 999 |
_c67596 _d67596 |
||